Central Library OPAC University of Rajshahi

History of philosophy / (Record no. 44642)

MARC details
000 -LEADER
fixed length control field 00986nam a2200289 a 4500
001 - CONTROL NUMBER
control field 44642
003 - CONTROL NUMBER IDENTIFIER
rucl marc code BD-RjUL
005 - DATE AND TIME OF LATEST TRANSACTION
control field 20250716123201.0
008 - FIXED-LENGTH DATA ELEMENTS--GENERAL INFORMATION
fixed length control field 160718s1925 nyu 000 0 eng
035 ## - SYSTEM CONTROL NUMBER
System control number (BD-RjUL) 44642
040 ## - CATALOGING SOURCE
Original cataloging agency DLC
Transcribing agency VZK
Modifying agency OCL
-- MYG
-- BD-RjUL
Language of cataloging eng
041 ## - LANGUAGE CODE
Language code of text/sound track or separate title eng
082 ## - DEWEY DECIMAL CLASSIFICATION NUMBER
Edition number 23
Classification number 109
Author mark and year WEH 1925
100 1# - MAIN ENTRY--PERSONAL NAME
Personal name Weber, Alfred,
Dates associated with a name 1835-1914.
9 (RLIN) 136941
245 10 - TITLE STATEMENT
Title History of philosophy /
Statement of responsibility, etc. by Alfred Weber, translated by Frank Thilly ... with philosophy since 1860, by Ralph Barton Perry.
250 ## - EDITION STATEMENT
Edition statement Rev. ed.
260 ## - PUBLICATION, DISTRIBUTION, ETC. (IMPRINT)
Place of publication, distribution, etc. New York :
-- Chicago [etc.] :
Name of publisher, distributor, etc. C. Scribner's sons,
Date of publication, distribution, etc. [c1925]
300 ## - PHYSICAL DESCRIPTION
Pagination xiii, 604 p. ;
Size 20 cm.
500 ## - GENERAL NOTE
General note Lettered on cover: Revised edition.
General note "Brief bibliography for the student": p. 4-5.
650 #0 - SUBJECT ADDED ENTRY--TOPICAL TERM
Topical term or geographic name as entry element Philosophy
General subdivision History.
9 (RLIN) 136942
700 1# - ADDED ENTRY--PERSONAL NAME
Personal name Perry, Ralph Barton,
Dates associated with a name 1876-1957.
Personal name Thilly, Frank,
Dates associated with a name 1865-1934.
942 ## - ADDED ENTRY ELEMENTS (KOHA)
Source of classification or shelving scheme Dewey Decimal Classification
Koha item type Books
946 ## - LOCAL PROCESSING INFORMATION (OCLC)
a t
949 ## - LOCAL PROCESSING INFORMATION (OCLC)
a c
p 39080021867376
Holdings
Lost status Source of classification or shelving scheme Damaged status Not for loan Collection code Permanent Location Current Location Shelving location Date acquired Source of acquisition Cost, normal purchase price Total Checkouts Full call number Date last seen Date checked out Copy number Koha item type
  Dewey Decimal Classification     Non-fiction Central Library, University of Rajshahi Central Library, University of Rajshahi   09/04/1956 Publishers United 17.00 10 109 WEH 1925 11/07/2023 09/07/2023 C-2 Books
  Dewey Decimal Classification   Not For Loan Non-fiction Central Library, University of Rajshahi Central Library, University of Rajshahi   09/12/2024       109 WEH 1925 09/12/2024   C-1 Books
  Dewey Decimal Classification     Non-fiction Central Library, University of Rajshahi Central Library, University of Rajshahi General Stacks 16/07/2025       109 WEH 1925 16/07/2025   C-3 Books